Tour de France 2025 - classement par équipe - Statistiques

Statistiques générales
  • Ce quiz a été pris 55 fois
  • Le résultat moyen est 11 sur 23
Statistiques - réponses
# Équipe Temps % Correct
1 Team Visma | Lease a bike 232:01:32h
100%
2 UAE Team Emirates XRG +24:26m
100%
4 Arkéa-B&B Hotels +2:10:52h
72%
5 Decathlon AG2R La Mondiale +2:14:15h
62%
19 Cofidis +7:34:39h
55%
6 INEOS Grenadiers +3:22:52h
55%
3 Red Bull - Bora-Hansgrohe +1:24:47h
53%
23 Intermarché-Wanty +11:40:42h
49%
14 Soudal Quick-Step +4:58:37h
49%
8 XDS Astana Team +3:23:59h
47%
11 Groupama-FDJ +3:51:08h
45%
20 Lidl-Trek +7:56:39h
43%
12 Uno-X Mobility +4:31:44h
43%
22 Lotto +10:36:37h
40%
13 TotalEnergies +4:42:35h
40%
9 Team Picnic PostNL +3:26:06h
38%
18 Israel - Premier Tech +7:23:42h
36%
15 Tudor Pro Cycling Team +6:05:18h
36%
16 Alpecin-Deceuninck +6:12:33h
34%
17 Team Jayco AlUla +6:58:35h
34%
7 Movistar Team +3:23:25h
30%
21 Bahrain Victorious +8:37:55h
28%
10 EF Education-EasyPost +3:43:35h
28%
Aucun quiz correspondant
Distribution des résultats
% des personnes avec chaque résultat
Percentile par nombre de réponses
Votre historique - résultats
Vous n’avez pas pris ce quiz